LIBRARY ONLINE CATALOGUE

Basic electronics Theory (Record no. 18378)

MARC details
000 -LEADER
fixed length control field 00435nam a22001577a 4500
008 - FIXED-LENGTH DATA ELEMENTS--GENERAL INFORMATION
fixed length control field 200728b xxu||||| |||| 00| 0 eng d
020 ## - INTERNATIONAL STANDARD BOOK NUMBER
International Standard Book Number 0830642005
050 ## - LIBRARY OF CONGRESS CALL NUMBER
Classification number TK7816
Item number .H67 1994 c.1
100 ## - MAIN ENTRY--PERSONAL NAME
Personal name Horn, Delton T.
245 ## - TITLE STATEMENT
Title Basic electronics Theory
Remainder of title With Projects and Experiments
Statement of responsibility, etc. Delton T. Horn
250 ## - EDITION STATEMENT
Edition statement 4th ed.
260 ## - PUBLICATION, DISTRIBUTION, ETC. (IMPRINT)
Place of publication, distribution, etc. New York
Name of publisher, distributor, etc. Tab Books
Date of publication, distribution, etc. 1994
300 ## - PHYSICAL DESCRIPTION
Extent 692p.
650 ## - SUBJECT ADDED ENTRY--TOPICAL TERM
Topical term or geographic name as entry element Electronics
942 ## - ADDED ENTRY ELEMENTS (KOHA)
Source of classification or shelving scheme Library of Congress Classification
Koha item type General Collection
Holdings
Withdrawn status Lost status Source of classification or shelving scheme Not for loan Home library Current library Date acquired Cost, normal purchase price Total Checkouts Full call number Barcode Date last seen Date last checked out Price effective from Koha item type Total Renewals
    Library of Congress Classification   Kabarak, Main Campus Kabarak, Main Campus 28/07/2020 4982.00 1 TK7816 .H67 1994 c.1 029926 25/11/2021 09/11/2021 28/07/2020 General Collection  
    Library of Congress Classification   Kabarak, Main Campus Kabarak, Main Campus 28/07/2020 4982.00 2 TK7816 .H67 1994 c.2 029927 30/11/2021 19/11/2021 28/07/2020 General Collection 1
    Library of Congress Classification   Kabarak, Nakuru City Campus Kabarak, Nakuru City Campus 28/07/2020 4982.00 1 TK7816 .H67 1994 c.1 029928 23/06/2022 03/06/2022 28/07/2020 General Collection